[Event "Doeberl Cup 47th"]
[Site "Canberra"]
[Date "2009.04.12"]
[Round "7"]
[White "Wright, Neil"]
[Black "Zvedeniouk, Ilya"]
[Result "0-1"]
[WhiteElo "2208"]
[BlackElo "2100"]
[PlyCount "54"]
[EventDate "2009.04.09"]
[EventType "swiss"]
[EventRounds "9"]
[EventCountry "AUS"]
[SourceTitle "CBM 129 Extra"]
[Source "ChessBase"]
[SourceDate "2009.05.05"]
[SourceVersion "2"]
[SourceVersionDate "2009.05.20"]
[SourceQuality "1"]

1. e4 e6 2. b3 d5 3. Bb2 dxe4 4. Nc3 Nf6 5. Qe2 Nbd7 6. g4 b6 7. Bg2 Bb7 8. Nxe4 c6 9. 0-0-0 Qc7 10. Nh3 Nxe4 11. Bxe4 0-0-0 12. f4 Nf6 13. Bf3 Bd6 14. Rhf1 Rhg8 15. c4 c5 16. Be5 Bxf3 17. Qxf3 Bxe5 18. fxe5 Qxe5 19. Qa8+ Kc7 20. Qxa7+ Kc6 21. Rfe1 Ne4 22. Qa4+ Kb7 23. Re3 Qd4 24. Rf3 f6 25. Kc2 Nxd2 26. Nf4 Ra8 27. Rd3 Rxa4 0-1

[Event "Adelaide Checkmate op"]
[Site "Adelaide"]
[Date "2007.07.08"]
[Round "5"]
[White "Zvedeniouk, Ilya"]
[Black "West, Guy"]
[Result "0-1"]
[WhiteElo "2123"]
[BlackElo "2291"]
[PlyCount "110"]
[EventDate "2007.07.07"]
[EventType "swiss"]
[EventRounds "7"]
[EventCountry "AUS"]
[SourceTitle "EXT 2010"]
[Source "ChessBase"]
[SourceDate "2010.11.25"]
[SourceVersion "1"]
[SourceVersionDate "2010.11.25"]
[SourceQuality "1"]

1. e4 d5 2. exd5 Nf6 3. d4 Bg4 4. Nf3 Qxd5 5. Be2 Nc6 6. c4 Qf5 7. h3 Bxf3 8. Bxf3 0-0-0 9. Be3 e5 10. d5 Nb4 11. 0-0 Nc2 12. Nc3 Nxa1 13. Qa4 a6 14. Rxa1 e4 15. Nxe4 Qe5 16. Ng5 Rd7 17. c5 Bxc5 18. Bxc5 Qxg5 19. Be3 Qe5 20. Bd4 Qf4 21. Qc4 Rhd8 22. Qc5 Rxd5 23. Bxd5 Rxd5 24. Be3 Rxc5 25. Bxf4 Nd5 26. Be5 f6 27. Bd4 Rc2 28. Re1 Kd7 29. Rd1 Ke6 30. Re1+ Kf7 31. Rd1 b5 32. f3 Nf4 33. Bf2 Rc1 34. Rxc1 Ne2+ 35. Kf1 Nxc1 36. a3 Nd3 37. Bd4 c5 38. Bc3 Ke6 39. Ke2 Nf4+ 40. Kf2 b4 41. axb4 cxb4 42. Bd2 Nd5 43. Ke2 Ke5 44. Kd3 Nf4+ 45. Bxf4+ Kxf4 46. Kc4 Kg3 47. Kxb4 Kxg2 48. Ka5 Kxh3 49. Kxa6 g5 50. b4 f5 51. b5 g4 52. fxg4 f4 53. b6 f3 54. b7 f2 55. b8Q f1Q+ 0-1

[Event "Sydney op"]
[Site "Parramatta"]
[Date "2007.04.14"]
[Round "8.17"]
[White "Repplinger, Marc"]
[Black "Zvedeniouk, Ilya"]
[Result "1/2-1/2"]
[WhiteElo "2239"]
[BlackElo "2121"]
[PlyCount "95"]
[EventDate "2007.04.10"]
[EventType "swiss"]
[EventRounds "9"]
[EventCountry "AUS"]
[SourceTitle "EXT 2024"]
[Source "ChessBase"]
[SourceDate "2023.10.10"]
[SourceVersion "1"]
[SourceVersionDate "2023.10.10"]
[SourceQuality "1"]

1. d4 e6 2. c4 Nf6 3. Nf3 d5 4. g3 dxc4 5. Bg2 c5 6. Qa4+ Bd7 7. Qxc4 Bc6 8. dxc5 Nbd7 9. Nc3 Bxc5 10. Bg5 Rc8 11. Qb3 h6 12. Bxf6 Qxf6 13. 0-0 0-0 14. Rac1 a6 15. Ne1 Bxg2 16. Kxg2 b5 17. Nd3 Ba7 18. a4 Rb8 19. axb5 axb5 20. Ne4 Qd4 21. Qb4 Ne5 22. Nec5 Qd5+ 23. Kg1 Rfc8 24. Qf4 Ng6 25. Qb4 Ne5 26. Qf4 Ng6 27. Qe3 b4 28. Rc2 Ne7 29. g4 Nc6 30. Rfc1 Nd4 31. Rc4 Nb3 32. Nf4 Qg5 33. Qxb3 Rxc5 34. Rxc5 Bxc5 35. Qf3 Bd6 36. Nd3 h5 37. h3 hxg4 38. hxg4 g6 39. Rc4 Kg7 40. Qe4 Qf6 41. Qd4 Qxd4 42. Rxd4 Be7 43. b3 Kf8 44. Kg2 Rc8 45. Nxb4 Rb8 46. Nc6 Rxb3 47. Rd7 Bf6 48. e3 1/2-1/2

[Event "Sydney op"]
[Site "Parramatta"]
[Date "2007.04.14"]
[Round "9"]
[White "Zvedeniouk, Ilya"]
[Black "Garbett, Paul Anthony"]
[Result "0-1"]
[WhiteElo "2121"]
[BlackElo "2313"]
[PlyCount "44"]
[EventDate "2007.04.10"]
[EventType "swiss"]
[EventRounds "9"]
[EventCountry "AUS"]
[SourceTitle "CBM 117 Extra"]
[Source "ChessBase"]
[SourceDate "2007.05.09"]
[SourceVersion "1"]
[SourceVersionDate "2007.05.09"]
[SourceQuality "1"]

1. e4 c5 2. c3 Nf6 3. Bd3 Nc6 4. f4 d6 5. Nf3 g6 6. 0-0 Bg7 7. Bc2 0-0 8. a3 c4 9. Qe2 Na5 10. d4 cxd3 11. Bxd3 Nb3 12. Ra2 Nxc1 13. Rxc1 Qb6+ 14. Kh1 Be6 15. c4 Ng4 16. b4 Rac8 17. h3 Qe3 18. Qf1 Nf6 19. f5 Nh5 20. Kh2 Qf4+ 21. Kg1 Ng3 22. Qd1 gxf5 0-1

[Event "Sydney op"]
[Site "Parramatta"]
[Date "2007.04.11"]
[Round "2"]
[White "Ansell, Simon"]
[Black "Zvedeniouk, Ilya"]
[Result "1-0"]
[WhiteElo "2402"]
[BlackElo "2121"]
[PlyCount "89"]
[EventDate "2007.04.10"]
[EventType "swiss"]
[EventRounds "9"]
[EventCountry "AUS"]
[SourceTitle "CBM 117 Extra"]
[Source "ChessBase"]
[SourceDate "2007.05.09"]
[SourceVersion "1"]
[SourceVersionDate "2007.05.09"]
[SourceQuality "1"]

1. e4 e6 2. d3 d5 3. Nd2 Nf6 4. Ngf3 Nc6 5. c3 a5 6. e5 Nd7 7. d4 f6 8. Bb5 fxe5 9. dxe5 Be7 10. 0-0 0-0 11. Re1 Qe8 12. Nf1 Qf7 13. Qc2 Nc5 14. Ng3 Bd7 15. Be3 Be8 16. h4 Qg6 17. Qxg6 Bxg6 18. h5 Bd3 19. a4 Bxb5 20. axb5 Na7 21. Nd4 a4 22. Nge2 Kf7 23. f4 c6 24. b6 Nc8 25. b4 Nd3 26. Rf1 Nxb6 27. Nxe6 Nc4 28. Nxf8 Nxe3 29. Rf3 Nc2 30. Ra2 Ndxb4 31. cxb4 Nxb4 32. Ra1 Kxf8 33. f5 d4 34. Nf4 c5 35. h6 gxh6 36. f6 Bd8 37. Ne6+ Kf7 38. Nxc5 b5 39. e6+ Kg6 40. Nd7 Nd5 41. Raf1 Ne3 42. Ne5+ Kh5 43. Rf5+ Nxf5 44. Rxf5+ Kh4 45. Kh2 1-0

[Event "AUS-ch Major"]
[Site "Brisbane"]
[Date "2006.01.09"]
[Round "11"]
[White "Zvedeniouk, Ilya"]
[Black "Tredinnick, Malcolm Robert"]
[Result "0-1"]
[WhiteElo "2160"]
[BlackElo "2172"]
[PlyCount "44"]
[EventDate "2005.12.28"]
[EventType "swiss"]
[EventRounds "11"]
[EventCountry "AUS"]
[SourceTitle "CBM 110 Extra"]
[Source "ChessBase"]
[SourceDate "2006.03.10"]
[SourceVersion "2"]
[SourceVersionDate "2006.03.10"]
[SourceQuality "1"]

1. e4 c5 2. c3 Nf6 3. e5 Nd5 4. d4 cxd4 5. cxd4 e6 6. Nf3 b6 7. a3 Be7 8. b4 a5 9. b5 d6 10. Bd3 Nd7 11. 0-0 Bb7 12. Re1 dxe5 13. Nxe5 Nxe5 14. dxe5 Bc5 15. Qg4 Qd7 16. Qxg7 0-0-0 17. Bxh7 Ne7 18. Bg5 Qd5 19. Bxe7 Rxh7 20. Nc3 Bxf2+ 21. Kh1 Rxg7 22. Nxd5 Bxd5 0-1

[Event "AUS-ch Major"]
[Site "Brisbane"]
[Date "2006.01.06"]
[Round "9"]
[White "Zvedeniouk, Ilya"]
[Black "Stojic, Svetozar"]
[Result "1/2-1/2"]
[WhiteElo "2160"]
[BlackElo "1981"]
[PlyCount "103"]
[EventDate "2005.12.28"]
[EventType "swiss"]
[EventRounds "11"]
[EventCountry "AUS"]
[SourceTitle "CBM 110 Extra"]
[Source "ChessBase"]
[SourceDate "2006.03.10"]
[SourceVersion "2"]
[SourceVersionDate "2006.03.10"]
[SourceQuality "1"]

1. e4 c5 2. c3 d5 3. exd5 Qxd5 4. d4 Nf6 5. Nf3 e6 6. Na3 Qd8 7. Nc4 Nc6 8. Be2 cxd4 9. cxd4 Be7 10. 0-0 0-0 11. Bg5 b6 12. a3 Bb7 13. b4 Nd5 14. Bxe7 Ncxe7 15. Qd2 Rc8 16. Rac1 Ng6 17. g3 Qe7 18. h4 Rfd8 19. Rfd1 Rd7 20. Rc2 Rdc7 21. Rdc1 Nf8 22. Kh2 Nd7 23. Ng5 h6 24. Nh3 N7f6 25. Bf3 Ba6 26. Ne3 Rxc2 27. Rxc2 Rxc2 28. Qxc2 Bb7 29. Ng1 Qd6 30. Ne2 Nd7 31. Qa4 Ne5 32. dxe5 Qxe5 33. Qe8+ Kh7 34. Qxf7 Qf5 35. Qxf5+ exf5 36. Nd4 Kg6 37. Nb5 a6 38. Nd6 Bc6 39. Nc8 Kf6 40. Nxb6 Nxb4 41. Be2 Nc2 42. a4 Nb4 43. Kg1 Ke5 44. Nec4+ Kd4 45. Nd6 Ke5 46. Nbc4+ Kd4 47. Ne3 Bd7 48. a5 Bc8 49. Bh5 Nd5 50. Nd1 Kc5 51. Bf3 Ne7 52. Kf1 1/2-1/2

[Event "AUS-ch Major"]
[Site "Brisbane"]
[Date "2006.01.04"]
[Round "7"]
[White "Zvedeniouk, Ilya"]
[Black "Wright, Neil"]
[Result "1/2-1/2"]
[WhiteElo "2160"]
[BlackElo "2141"]
[PlyCount "88"]
[EventDate "2005.12.28"]
[EventType "swiss"]
[EventRounds "11"]
[EventCountry "AUS"]
[SourceTitle "EXT 2007"]
[Source "ChessBase"]
[SourceDate "2006.11.23"]
[SourceVersion "1"]
[SourceVersionDate "2006.11.23"]
[SourceQuality "1"]

1. e4 e5 2. Nc3 d6 3. Nf3 Nf6 4. d4 Nbd7 5. Bc4 Be7 6. Bg5 c6 7. a4 Qc7 8. Qd2 Nf8 9. h3 h6 10. Bh4 g5 11. Bg3 Ng6 12. h4 g4 13. h5 Nxh5 14. Rxh5 gxf3 15. dxe5 fxg2 16. 0-0-0 dxe5 17. Rxh6 Rf8 18. Rxg6 fxg6 19. Qh6 Bd7 20. Qxg6+ Kd8 21. Be6 Bd6 22. Bxe5 Bxe5 23. Bxd7 Qxd7 24. Rxd7+ Kxd7 25. Qxg2 Rf7 26. Kd2 Raf8 27. Ke2 a5 28. Nd1 Kd6 29. Ne3 Rxf2+ 30. Qxf2 Rxf2+ 31. Kxf2 Kc5 32. c3 b5 33. axb5 cxb5 34. Ke2 b4 35. Kd3 bxc3 36. bxc3 a4 37. Kc2 Bd6 38. Nd1 Kb5 39. Nb2 Be5 40. Nd3 Bd6 41. e5 Be7 42. Nf4 Kc4 43. Ng6 Bc5 44. e6 a3 1/2-1/2

[Event "Stratagem Masters U20-A"]
[Site "Australia"]
[Date "2006.??.??"]
[Round "5"]
[White "Hu, Jason"]
[Black "Zvedeniouk, Ilya"]
[Result "0-1"]
[WhiteElo "2005"]
[BlackElo "2000"]
[PlyCount "114"]
[EventDate "2006.??.??"]
[EventType "tourn"]
[EventRounds "9"]
[EventCountry "AUS"]
[SourceTitle "EXT 2008"]
[Source "ChessBase"]
[SourceDate "2007.11.25"]
[SourceVersion "1"]
[SourceVersionDate "2007.11.25"]
[SourceQuality "1"]

1. c4 e5 2. Nc3 Nc6 3. Nf3 f5 4. d4 e4 5. Ng5 Nf6 6. a3 a5 7. e3 Be7 8. f3 h6 9. Nh3 0-0 10. Nf4 Bd6 11. Ng6 Re8 12. c5 Bf8 13. Bc4+ Kh7 14. Bf7 exf3 15. gxf3 Re7 16. Nxe7 Qxe7 17. Ba2 Nh5 18. 0-0 d6 19. f4 Nf6 20. cxd6 Qxd6 21. Qf3 b6 22. d5 Ne7 23. Nb5 Qc5 24. Nxc7 Qxc7 25. d6 Qxd6 26. Qxa8 Ne4 27. Bb1 Nc5 28. b4 Qg6+ 29. Kf2 Bb7 30. Qxf8 Qg2+ 31. Ke1 Ba6 32. Bxf5+ Nxf5 33. Qxf5+ Kh8 34. Qf8+ Kh7 35. Qf5+ Kg8 36. Rf2 Qg1+ 37. Kd2 Qxf2+ 38. Kc3 Qe1+ 39. Kb2 Qe2+ 40. Qc2 Nd3+ 41. Kc3 Qf3 42. Qb3+ Kh8 43. Bd2 Qc6+ 44. Kd4 Qf6+ 45. Ke4 Qxa1 46. Qf7 Qh1+ 47. Kd4 Qa8 48. Bc3 Qd8+ 49. Ke4 Qa8+ 50. Kd4 Nf2 51. Qd5 Bb7 52. Qd6 Qe8 53. Kc4 Qc8+ 54. Kb3 Qxc3+ 55. Kxc3 Ne4+ 56. Kd4 Nxd6 57. bxa5 bxa5 0-1

[Event "Stratagem Masters U20-A"]
[Site "Australia"]
[Date "2006.??.??"]
[Round "1"]
[White "Zvedeniouk, Ilya"]
[Black "Ikeda, Junta"]
[Result "0-1"]
[WhiteElo "2000"]
[BlackElo "2050"]
[PlyCount "50"]
[EventDate "2006.??.??"]
[EventType "tourn"]
[EventRounds "9"]
[EventCountry "AUS"]
[SourceTitle "EXT 2008"]
[Source "ChessBase"]
[SourceDate "2007.11.25"]
[SourceVersion "1"]
[SourceVersionDate "2007.11.25"]
[SourceQuality "1"]

1. e4 c5 2. Nf3 e6 3. Nc3 a6 4. a4 d6 5. d4 cxd4 6. Nxd4 Nf6 7. Be2 Qc7 8. 0-0 b6 9. f4 Nbd7 10. Bf3 Bb7 11. Kh1 h5 12. Qe2 Be7 13. e5 dxe5 14. fxe5 Ng4 15. Bf4 g5 16. Bg3 h4 17. Bxb7 hxg3 18. Bxa8 Rxh2+ 19. Kg1 Ndxe5 20. Qe4 Nf2 21. Rxf2 gxf2+ 22. Kxf2 Rh4 23. Qb7 Ng4+ 24. Ke2 Qc4+ 25. Kf3 Qxd4 0-1

[Event "Doeberl Cup 43rd"]
[Site "Canberra"]
[Date "2005.03.28"]
[Round "7"]
[White "Johansen, Darryl Keith"]
[Black "Zvedeniouk, Ilya"]
[Result "1/2-1/2"]
[WhiteElo "2471"]
[BlackElo "2168"]
[PlyCount "94"]
[EventDate "2005.03.25"]
[EventType "swiss"]
[EventRounds "7"]
[EventCountry "AUS"]
[SourceTitle "CBM 105 Extra"]
[Source "ChessBase"]
[SourceDate "2005.05.01"]
[SourceVersion "1"]
[SourceVersionDate "2005.05.01"]
[SourceQuality "1"]

1. c4 e6 2. Nf3 d5 3. d4 Nf6 4. Nc3 Nbd7 5. cxd5 exd5 6. Bg5 Be7 7. e3 0-0 8. Qc2 h6 9. Bf4 c6 10. Bd3 Nh5 11. 0-0-0 Nxf4 12. exf4 Nf6 13. h3 c5 14. dxc5 Bxc5 15. Kb1 Qc7 16. Ne5 Bd4 17. Rhe1 Re8 18. Qd2 Bxc3 19. Qxc3 Qxc3 20. bxc3 Ne4 21. Bxe4 dxe4 22. Nc4 Be6 23. Nd6 Re7 24. f5 Bd7 25. g4 Bc6 26. f6 Re6 27. fxg7 Kxg7 28. Rd4 Kg6 29. Kb2 Rd8 30. Nf5 Rxd4 31. Nxd4 Rf6 32. Nxc6 Rxf2+ 33. Kb3 bxc6 34. Rxe4 Rh2 35. Ra4 Rxh3 36. Rxa7 Rg3 37. Rc7 Rxg4 38. Rxc6+ Kg5 39. Rc8 h5 40. a4 Re4 41. a5 Re1 42. Kb4 h4 43. a6 Rb1+ 44. Kc5 Ra1 45. Kb6 Rb1+ 46. Kc7 Ra1 47. Kb7 Rb1+ 1/2-1/2

[Event "Doeberl Cup 43rd"]
[Site "Canberra"]
[Date "2005.03.26"]
[Round "3"]
[White "Zvedeniouk, Ilya"]
[Black "Wongwichit, Phachara"]
[Result "1/2-1/2"]
[WhiteElo "1973"]
[BlackElo "1964"]
[PlyCount "40"]
[EventDate "2005.03.25"]
[EventType "swiss"]
[EventRounds "7"]
[EventCountry "AUS"]
[SourceTitle "CBM 105 Extra"]
[Source "ChessBase"]
[SourceDate "2005.05.01"]
[SourceVersion "1"]
[SourceVersionDate "2005.05.01"]
[SourceQuality "1"]

1. e4 c5 2. Nf3 Nc6 3. Nc3 g6 4. Bc4 Bg7 5. 0-0 d6 6. h3 Nf6 7. d3 0-0 8. Bg5 Na5 9. Qd2 Nxc4 10. dxc4 Be6 11. b3 Re8 12. Rad1 Qd7 13. Bxf6 Bxf6 14. e5 Bg7 15. Ne4 Qc6 16. Qf4 d5 17. cxd5 Bxd5 18. Rde1 Rad8 19. c4 Bxe4 20. Rxe4 h6 1/2-1/2

[Event "Australian op"]
[Site "Mount Buller"]
[Date "2005.01.09"]
[Round "11"]
[White "Zvedeniouk, Ilya"]
[Black "Smerdon, David"]
[Result "0-1"]
[WhiteElo "2168"]
[BlackElo "2425"]
[PlyCount "106"]
[EventDate "2004.12.28"]
[EventType "swiss"]
[EventRounds "11"]
[EventCountry "AUS"]
[SourceTitle "CBM 104 Extra"]
[Source "ChessBase"]
[SourceDate "2005.03.01"]
[SourceVersion "1"]
[SourceVersionDate "2005.03.01"]
[SourceQuality "1"]

1. e4 d5 2. exd5 Nf6 3. Nc3 Nxd5 4. Nf3 g6 5. Bc4 Nb6 6. Bb3 Bg7 7. d4 Nc6 8. Be3 0-0 9. h3 Na5 10. 0-0 Nbc4 11. Qc1 Nxe3 12. Qxe3 b6 13. Bd5 c6 14. b4 cxd5 15. bxa5 Ba6 16. Rfb1 Qd6 17. Na4 Rfb8 18. axb6 axb6 19. a3 Bc8 20. Rb4 Bd7 21. Qb3 Bxa4 22. Rxa4 Qc6 23. Rb4 e6 24. Rb1 Ra6 25. a4 h6 26. Rb5 Rc8 27. Rxb6 Rxb6 28. Qxb6 Qxa4 29. Qb3 Qxb3 30. cxb3 Rb8 31. Kf1 Rb4 32. Ke2 Bxd4 33. Nxd4 Rxd4 34. b4 Rc4 35. b5 Kf8 36. Kd3 Rc8 37. Kd4 Ke7 38. Ra1 Rc4+ 39. Kd3 Kd6 40. Ra7 Rf4 41. Ke3 g5 42. g3 d4+ 43. Kd3 Rxf2 44. Kxd4 Rf3 45. Ke4 Rxg3 46. Rxf7 Rxh3 47. b6 Rh4+ 48. Kf3 Rf4+ 49. Rxf4 gxf4 50. Kxf4 Kc6 51. Ke5 h5 52. Kf4 Kxb6 53. Kg5 Kc5 0-1

[Event "AUS-ch op U20"]
[Site "Perth "]
[Date "2004.01.24"]
[Round "10"]
[White "Zvedeniouk, Ilya"]
[Black "Muthusamy, Reubban"]
[Result "1/2-1/2"]
[WhiteElo "1922"]
[BlackElo "1389"]
[PlyCount "98"]
[EventDate "2004.01.14"]
[EventType "swiss"]
[EventRounds "11"]
[EventCountry "AUS"]
[SourceTitle "EXT 2006"]
[Source "ChessBase"]
[SourceDate "2005.11.24"]
[SourceVersion "1"]
[SourceVersionDate "2005.11.24"]
[SourceQuality "1"]

1. e4 d5 2. exd5 Qxd5 3. Nc3 Qa5 4. Bc4 Nf6 5. Nf3 Bf5 6. 0-0 e6 7. d4 c6 8. Ne5 Nbd7 9. Qe2 Nxe5 10. dxe5 Nd5 11. Nxd5 exd5 12. Bb3 Be7 13. f4 0-0-0 14. c3 Qc7 15. Be3 Kb8 16. Qf2 Qa5 17. Rfd1 Be4 18. Rd4 c5 19. Rd2 f6 20. Rad1 c4 21. Bc2 Bxc2 22. Rxc2 fxe5 23. fxe5 Rhf8 24. Qg3 g6 25. a3 Rf5 26. Rcd2 Bc5 27. h3 Kc7 28. Bxc5 Qxc5+ 29. Kh2 Kc6 30. Re2 Re8 31. Qh4 Qe7 32. Qxe7 Rxe7 33. Rde1 Kc5 34. g4 Rf4 35. Kg3 g5 36. h4 h6 37. hxg5 hxg5 38. e6 Re4 39. Rxe4 dxe4 40. Rxe4 Kd5 41. Kf3 Rxe6 42. Rxe6 Kxe6 43. Ke4 b5 44. Kd4 Kd6 45. a4 a6 46. a5 Kc6 47. Ke5 b4 48. Kf5 Kb5 49. Kxg5 Ka4 1/2-1/2

[Event "AUS-ch op U20"]
[Site "Perth "]
[Date "2004.01.14"]
[Round "1"]
[White "Van Dijk, Devrim"]
[Black "Zvedeniouk, Ilya"]
[Result "0-1"]
[WhiteElo "1530"]
[BlackElo "1922"]
[PlyCount "70"]
[EventDate "2004.01.14"]
[EventType "swiss"]
[EventRounds "11"]
[EventCountry "AUS"]
[SourceTitle "EXT 2006"]
[Source "ChessBase"]
[SourceDate "2005.11.24"]
[SourceVersion "1"]
[SourceVersionDate "2005.11.24"]
[SourceQuality "1"]

1. e4 e6 2. d4 d5 3. Nc3 dxe4 4. Nxe4 Nd7 5. Nf3 Ngf6 6. Nxf6+ Nxf6 7. Bg5 Be7 8. Qd2 Ne4 9. Bxe7 Nxd2 10. Bxd8 Nxf3+ 11. gxf3 Kxd8 12. 0-0-0 Ke7 13. f4 Rd8 14. Bg2 Rb8 15. Rhe1 Kf6 16. Re5 b6 17. Be4 Bb7 18. f3 g6 19. h4 h5 20. c4 Rd7 21. Kc2 Ba8 22. d5 Rbd8 23. Rd3 exd5 24. cxd5 Kg7 25. Rg5 Kh6 26. d6 Bxe4 27. fxe4 Rxd6 28. Rxd6 Rxd6 29. Kc3 Rd1 30. f5 Rh1 31. fxg6 fxg6 32. Re5 Rxh4 33. Re7 a5 34. e5 Rh1 35. Rxc7 Rc1+ 0-1